Obľúbené obnoviteľné zdroje energie v daniach, účtovníctve a dotačných schémach

Fotovoltické články, zaradenie majetku a účtovanie. Výroba elektrickej energie a dodanie fotovoltickej elektrárne z pohľadu dane z pridanej hodnoty. Spotrebná daň a výroba elektriny – registrácia nad 10 kW. Dotácie na fotovoltiku pre domácnosti. Dotácie pre podnik – výzva zameraná na inštaláciu foto...

Descrizione completa

Salvato in:
Dettagli Bibliografici
Autore principale: Sandtner, Lucia
Natura: Capitolo di libro
Lingua:slovacco
Soggetti:
Tags: Aggiungi Tag
Nessun Tag, puoi essere il primo ad aggiungerne!!

MARC

LEADER 00000naa a2200000 4500
001 0296952
005 20240417075253.0
041 0 |a slo 
044 |a SK 
245 1 0 |a Obľúbené obnoviteľné zdroje energie v daniach, účtovníctve a dotačných schémach  |c Lucia Sandtner 
520 |a Fotovoltické články, zaradenie majetku a účtovanie. Výroba elektrickej energie a dodanie fotovoltickej elektrárne z pohľadu dane z pridanej hodnoty. Spotrebná daň a výroba elektriny – registrácia nad 10 kW. Dotácie na fotovoltiku pre domácnosti. Dotácie pre podnik – výzva zameraná na inštaláciu fotovoltických systémov v rámci Programového obdobia 2014 – 2020. 
610 2 0 |a účtovníctvo daňové 
610 2 0 |a dane z hodnoty pridanej 
610 2 0 |a dane spotrebné 
610 2 0 |a zdroje energie obnoviteľné 
610 2 0 |a energia elektrická 
610 2 0 |a energia slnečná 
610 2 0 |a dotácie štátne 
610 2 0 |a registrácia 
610 2 0 |a Európska únia 
100 1 |a Sandtner, Lucia